[Event "EIWCC 2017"]
[Site "Riga"]
[Date "2017.04.14"]
[Round "4"]
[White "Girya, Olga"]
[Black "Ovod, Evgenija"]
[Result "1/2-1/2"]
[WhiteElo "2470"]
[BlackElo "2382"]
[Annotator "TA"]
[PlyCount "129"]
[EventDate "2017.??.??"]
[EventType "swiss"]
[EventCountry "LAT"]
[SourceTitle "playchess.com"]
[Source "ChessBase"]
[SourceQuality "1"]

{[%evp 23,129,55,56,39,59,64,58,45,39,50,50,38,36,41,64,50,50,50,50,50,49,44,50,31,48,45,65,48,69,56,66,72,70,36,57,40,54,0,57,51,51,51,56,47,54,21,41,0,64,36,36,36,36,35,51,36,47,32,51,44,61,44,44,41,52,49,59,54,63,56,92,72,83,32,57,45,54,18,18,18,17,18,18,0,18,0,18,18,18,18,20,22,25,0,9,9,9,17,10,9,36,16,17,0,18,0,17,0]} 1. d4 d5 2. c4 e6 3. Nf3 Be7 4. Nc3 Nf6 5. g3 O-O 6. Bg2 dxc4 7. Ne5 Nc6 8. Bxc6 {E06: Closed Catalan: Early deviations} bxc6 9. Nxc6 Qd6 10. Qa4 Bb7 11. Nxe7+ Qxe7 12. O-O c5 {LiveBook: 4 Games} 13. Qa3 Rac8 $146 (13... e5 14. Qxc5 Qe6 15. f3 Nd7 {1-0 (87) Wang,Y (2711)-Parligras,M (2594) Bazna 2014}) 14. Bg5 ({Stronger than} 14. Qxa7 Rc6 15. Qa3 Ra8 $17) 14... Qd7 15. Bxf6 cxd4 16. Bxd4 Qxd4 17. Rfd1 Qb6 18. Rd6 Rc6 19. Rad1 Rxd6 20. Rxd6 Bc6 $1 21. Rd2 h6 22. Qd6 Rc8 23. Qd4 Qb7 24. f3 Qa6 25. Kf2 Bb7 26. Qe3 Qa5 27. Rd7 Bc6 28. Rd4 Bb7 29. Rd6 Qb4 30. Rd2 Qa5 $1 31. Kg2 Bc6 32. Qd4 Qc7 33. Kf2 Qb7 34. Qe3 Qb8 35. Qd4 Qb7 36. Nd1 Qa6 37. a3 Ba4 38. Ne3 Bb3 39. Qc3 Qb6 40. Rd4 Kf8 41. Kg2 a5 42. Rg4 f6 43. Rd4 Qb5 44. h4 Ke7 45. Qd2 a4 46. Kf2 Rb8 47. Rg4 Kf7 48. Qd6 (48. Qd4 $16) 48... Rb7 49. Qd8 h5 50. Rd4 {aiming for Qh8.} Qc5 $1 51. Rd7+ Rxd7 52. Qxd7+ Kf8 $1 53. Qd8+ Kf7 54. Qd7+ Kf8 $1 55. Qd2 Kf7 56. Kg2 Ke8 57. Qc3 Kf7 58. Nf1 Qd5 59. Nd2 e5 60. Ne4 Qd4 61. Qc1 Ke6 62. Nc3 Kf7 {The position is equal.} 63. Ne4 Ke6 64. Nc3 Kf7 65. Ne4 1/2-1/2

[Event "EIWCC 2017"]
[Site "Riga"]
[Date "2017.04.14"]
[Round "4"]
[White "Hoang, Thanh Trang"]
[Black "Cosma, Elena-Luminita"]
[Result "1-0"]
[WhiteElo "2459"]
[BlackElo "2316"]
[Annotator "TA"]
[PlyCount "77"]
[EventDate "2017.??.??"]
[EventType "swiss"]
[EventCountry "LAT"]
[SourceTitle "playchess.com"]
[Source "ChessBase"]
[SourceQuality "1"]

{[%evp 16,77,31,18,18,12,16,12,15,17,22,0,8,-8,28,23,48,39,62,59,66,58,55,59,63,75,75,66,91,84,95,83,71,46,55,43,97,100,115,102,115,123,141,144,220,216,189,189,408,388,396,401,401,396,461,460,458,454,445,442,453,477,664,671]} 1. d4 d5 {[%cal Bd7d5,Bd5c4][%mdl 32]} 2. c4 e6 3. Nf3 Nf6 4. g3 dxc4 5. Bg2 Nc6 6. Qa4 Bb4+ 7. Bd2 Bd6 8. O-O O-O 9. Qxc4 e5 {E04: Open Catalan: 5 Nf3} 10. d5 Ne7 11. Nc3 h6 {The position is equal.} 12. Rfd1 a6 13. Qb3 b5 $146 (13... c6 14. dxc6 Nxc6 15. Be3 Qc7 16. Nd2 Be6 17. Nd5 Bxd5 18. Bxd5 {½-½ (37) Filippov,V (2627)-Kortschnoj,V (2632) Togliatti 2003}) 14. a3 Bb7 {[%cal Re7d5]} 15. Be1 Qb8 16. Nd2 c6 17. dxc6 Nxc6 18. Nce4 {Strongly threatening Nxf6+.} Nxe4 19. Nxe4 Nd4 20. Qd3 $1 {Black must now prevent e3.} Be7 21. e3 Ne6 22. Ba5 Ng5 23. Nxg5 Bxg5 24. Rac1 Bxg2 25. Kxg2 Ra7 (25... Qb7+ $14 26. Qd5 Qxd5+ 27. Rxd5 e4) 26. Qd5 Re8 27. h4 Be7 28. e4 Bf8 29. Rc6 h5 (29... Qa8 $16 {was necessary.} 30. Bc7 Kh8) 30. Rdc1 $18 Qa8 31. Bc7 Re7 $2 {[#]} (31... Qb7 32. Bxe5 Raa8) 32. Bb6 $1 {And now Rc8 would win.} (32. Bxe5 Rad7 33. Bd6 Re6 $16) 32... Rad7 {[#]} 33. Rc8 $1 Qxd5 34. exd5 f6 35. Ra8 {White is clearly winning.} Rxd5 36. Rcc8 ({And not} 36. Rxa6 Rb7 37. Rc6 Kf7 $11) 36... Rf7 37. Bc5 ({Less strong is} 37. Rxa6 Kh7 $16) 37... Rxc5 38. Rxc5 b4 39. a4 1-0

[Event "EIWCC 2017"]
[Site "Riga"]
[Date "2017.04.14"]
[Round "4"]
[White "Paehtz, Elisabeth"]
[Black "Savina, Anastasia"]
[Result "1/2-1/2"]
[WhiteElo "2454"]
[BlackElo "2378"]
[Annotator "TA"]
[PlyCount "25"]
[EventDate "2017.??.??"]
[EventType "swiss"]
[EventCountry "LAT"]
[SourceTitle "playchess.com"]
[Source "ChessBase"]
[SourceQuality "1"]

{[%evp 9,25,13,20,5,0,-9,-15,-15,-6,-34,-45,-38,-29,-42,-39,-41,-35,-71]} 1. e4 {[%cal Be2e4,Be4e5][%mdl 32]} Nc6 2. d4 d5 3. e5 Bf5 4. c3 e6 5. Nf3 f6 {LiveBook: 5 Games} 6. Bd3 {White wants to play Bxf5. B00: Queen's Fianchetto Defence, Nimzowitsch Defence} (6. Be3 Qd7 7. Nbd2 a6 8. Be2 Nge7 9. exf6 gxf6 10. b4 Bg4 11. h3 Bxf3 12. Bxf3 Rg8 13. Bh5+ Ng6 {1-0 (58) Johnson,B (2311)-Kokorin,V (2325) ICCF email 2011}) 6... Nge7 7. O-O fxe5 8. dxe5 {The position is equal.} Qd7 9. b4 Bxd3 10. Qxd3 Ng6 11. Re1 Be7 12. b5 $146 (12. Na3 O-O 13. Nc2 Rf5 {0-1 (28) Zielinski,M (1888)-Olszewski,M (2151) Chelmza 2009}) 12... Na5 13. Nd4 1/2-1/2

[Event "EIWCC 2017"]
[Site "Riga"]
[Date "2017.04.14"]
[Round "4"]
[White "Goryachkina, Aleksandra"]
[Black "Arakhamia-Grant, Ketevan"]
[Result "1-0"]
[WhiteElo "2452"]
[BlackElo "2374"]
[Annotator "TA"]
[PlyCount "83"]
[EventDate "2017.??.??"]
[EventType "swiss"]
[EventCountry "LAT"]
[SourceTitle "playchess.com"]
[Source "ChessBase"]
[SourceQuality "1"]

{[%evp 15,83,42,46,15,6,27,28,8,6,-56,-68,-68,-1,-2,19,25,93,105,98,98,109,83,102,111,131,127,147,150,222,232,222,224,275,225,243,210,213,200,343,336,346,327,394,398,397,403,408,395,502,503,619,584,557,513,518,518,506,508,1034,717,991,999,979,927,854,462,2074,2045,2230,2218]} 1. d4 Nf6 2. c4 g6 3. Nc3 Bg7 4. e4 d6 5. h3 O-O 6. Be3 e5 7. d5 a5 8. g4 {E71: King's Indian: 4 e4 d6 5 h3} Na6 {LiveBook: 29 Games} 9. Be2 (9. Nge2 h5 10. Ng3 h4 11. Nge2 Nh7 12. Qd2 Bf6 13. Bg2 Bd7 14. O-O Qe7 15. f4 exf4 16. Nxf4 {1-0 (47) Ivanisevic,I (2630)-Damljanovic,B (2548) Kragujevac 2017}) 9... Nd7 10. h4 $146 {The position is equal.} (10. Nf3 Ndc5 11. Rg1 Kh8 12. Qd2 c6 13. O-O-O Bd7 14. h4 cxd5 15. cxd5 {0-1 (36) Pal,P (2205)-Molnar,B (2380) Zalakaros 1997}) 10... f5 11. gxf5 gxf5 12. Bg5 (12. f3 $11) 12... Nf6 $15 13. Nf3 Nc5 (13... h6 $15 14. Be3 (14. Bxf6 Qxf6 15. Qd2 fxe4 16. Nxe4 Qf4 $17) 14... Ng4) 14. Nd2 $11 h6 15. Be3 $1 f4 (15... b6 $11) 16. Bxc5 $1 $16 dxc5 17. h5 Bd7 18. Rg1 a4 19. a3 Qe7 20. Qc2 Qf7 21. O-O-O f3 (21... Kh8 $16 22. Kb1 Ra6) 22. Nxf3 $18 ({Don't play} 22. Bxf3 $6 Nh7 $16) 22... Nxh5 23. Kb1 {[#] Strongly threatening Nxe5.} Qf6 24. Nh2 Nf4 25. Bg4 {[%cal Be2g4,Bg4f5,Bf5e6][%mdl 32]} Be8 26. Bf5 h5 (26... Kh8 {was called for.} 27. Nf3 Bh5) 27. Nf3 {[%cal Bh2f3,Bf3g5,Bg5e6][%mdl 32]} Kh8 28. Ng5 Qe7 29. Ne6 Rg8 30. Ne2 {[%cal Bc3e2,Be2g3,Bg3f5][%mdl 32]} Nxe6 31. Bxe6 ({Weaker is} 31. dxe6 Rd8 32. Rde1 c6 $18) 31... Rf8 32. Ng3 {White is clearly winning.} h4 33. Nf5 Rxf5 34. Bxf5 Bh5 35. Rd3 Bh6 36. Rh3 Qf6 (36... Rg8 $142 37. Rxg8+ Kxg8 38. Qxa4 Qd8) 37. f3 Be3 38. Rgh1 Bg5 39. Qf2 Kg7 40. Qxc5 Qf7 (40... Qb6 $142 41. Qxb6 cxb6) 41. Rg1 Kh6 {[#]} 42. Rxh4 $1 {[%mdl 512]} 1-0

[Event "EIWCC 2017"]
[Site "Riga"]
[Date "2017.04.14"]
[Round "4"]
[White "Bodnaruk, Anastasia"]
[Black "De Seroux, Camille"]
[Result "1-0"]
[WhiteElo "2446"]
[BlackElo "2122"]
[Annotator "TA"]
[PlyCount "67"]
[EventDate "2017.??.??"]
[EventType "swiss"]
[EventCountry "LAT"]
[SourceTitle "playchess.com"]
[Source "ChessBase"]
[SourceQuality "1"]

{[%evp 22,67,43,18,12,0,29,-23,-15,-34,-7,-18,-7,-48,-33,-75,-3,-57,-39,-52,-33,-74,-65,-53,0,0,0,0,0,0,0,-9,91,0,0,0,365,356,348,340,319,308,29987,29988,29988,29989,29989,29990]} 1. e4 c5 2. Nf3 Nc6 3. d4 cxd4 4. Nxd4 Nf6 5. Nc3 d6 6. Bc4 e6 7. Be3 Be7 8. Qe2 Bd7 9. O-O-O Rc8 10. Bb3 {B89: Sicilian: Velimirovic Attack} (10. Rhg1 Na5 11. Bd3 O-O 12. g4 Be8 13. g5 Nd7 14. f4 e5 15. Nf5 exf4 16. Nd5 fxe3 17. Ndxe7+ Kh8 18. Rg3 Rc5 19. Qh5 h6 20. Nxg7 Qxe7 21. Qxh6+ Kg8 22. Rh3 Nb8 {1-0 (22) Nepomniachtchi,I (2632)-Avrukh,B (2641) Netanya 2009}) 10... Na5 11. f3 Nxb3+ 12. axb3 {LiveBook: 4 Games. White is slightly better.} a6 13. g4 $146 (13. Kb1 b5 14. g4 O-O 15. g5 Ne8 16. h4 b4 17. Na4 Qa5 {0-1 (34) Kachkin,K (2206)-Chetvertakoff,V (2260) IECG email 2006}) 13... b5 {[%cal Bb7b5,Bb5b4][%mdl 32]} 14. h4 ({White should try} 14. b4) 14... b4 $11 15. Na2 a5 16. Kb1 Qc7 17. h5 h6 18. Bc1 Bc6 (18... Qb7 $17) 19. Rdg1 (19. Bf4 $11) 19... d5 {[%cal Rd5e4]} 20. e5 Nd7 21. Nxc6 Qxc6 22. g5 a4 (22... hxg5 $15 23. Bxg5 Bf8) 23. gxh6 $1 gxh6 {White must now prevent ...axb3.} 24. Rg4 axb3 25. cxb3 Qc7 {...Qa5 is the strong threat.} 26. Rhg1 {Strongly threatening Rg8+.} Qa5 (26... Qxe5 $6 27. Rg8+ Rxg8 28. Rxg8+ Bf8 29. Qxe5 Nxe5 30. Bxh6 $16) (26... Nxe5 27. Bf4 f6 28. Bxe5 Qxe5 29. Qa6 $18) (26... Bc5 $11 {keeps the balance.} 27. Re1 Qa5) 27. Bd2 (27. Rg8+ $16 Rxg8 28. Rxg8+ Nf8 29. Bxh6) 27... Ra8 28. Nxb4 {[#]} Nc5 $2 {[%mdl 8192] [#]} (28... d4 $1 $11 {[%mdl 512] and Black is okay.} 29. Rg8+ (29. Nc6 Qa2+ 30. Kc2 Rc8 31. Rg8+ Rxg8 32. Rxg8+ Bf8 $17) (29. Rxd4 Qa1+) 29... Rxg8 30. Rxg8+ Bf8) 29. Rg8+ $1 $18 Kd7 ({But not} 29... Rxg8 30. Rxg8+ Bf8 31. Bxh6 $18) 30. Rxh8 Rxh8 {[#]} 31. Nxd5 $1 {[%mdl 512]} Qa7 $2 (31... Qa6 $18 32. Qxa6 Nxa6) (31... exd5 32. Bxa5) 32. Qb5+ {White mates.} Kc8 33. Nxe7+ Qxe7 34. Rc1 1-0

[Event "EIWCC 2017"]
[Site "Riga"]
[Date "2017.04.14"]
[Round "4"]
[White "Galliamova, Alisa"]
[Black "Mamedjarova, Zeinab"]
[Result "0-1"]
[WhiteElo "2444"]
[BlackElo "2322"]
[Annotator "TA"]
[PlyCount "114"]
[EventDate "2017.??.??"]
[EventType "swiss"]
[EventCountry "LAT"]
[SourceTitle "playchess.com"]
[Source "ChessBase"]
[SourceQuality "1"]

{[%evp 24,114,28,7,13,0,13,7,30,-7,-10,-16,-16,2,50,0,0,-37,-38,-28,-28,-28,-30,-20,-25,-18,-23,-43,-34,-52,-28,-47,-46,-51,-34,-68,-63,-67,-66,-61,-63,-68,-43,-68,-63,-69,0,-52,0,-67,-67,-74,-74,-72,-65,-62,-68,-74,-79,-79,-79,-71,-74,-76,-37,-37,-37,-39,-39,-70,-37,-42,-27,-93,-83,-85,-83,-85,-64,-105,-22,-33,0,-151,-146,-174,-157,-215,-210,-226,-216,-29984,-29985]} 1. Nf3 d5 2. d4 Nf6 3. g3 e6 4. Bg2 Be7 5. O-O O-O 6. c4 dxc4 7. Qa4 a6 8. Qxc4 b5 9. Qc2 Bb7 10. Bd2 Be4 11. Qc1 Nbd7 12. Ba5 {E05: Open Catalan: 5 Nf3 Be7} Ra7 13. Nc3 {LiveBook: 4 Games} (13. Nbd2 Bd5 14. Re1 Ne4 15. Nxe4 Bxe4 16. Qf4 Nf6 17. Ne5 Bxg2 18. Kxg2 Bd6 19. Rac1 Qb8 {½-½ (65) Wang,Y (2718)-Dervishi,E (2581) Tromsoe 2014}) 13... Ba8 14. a3 {The position is equal.} Qb8 15. b4 Ne8 $146 {[%cal Bf6e8,Be8d6,Bd6b7][%mdl 32]} (15... Nb6 16. Ne5 Bxg2 17. Kxg2 Qb7+ 18. Kg1 Bd6 19. Bxb6 Qxb6 20. Nf3 a5 21. Rb1 axb4 22. axb4 Qb7 23. Ne1 Nd5 24. Nd3 Nxc3 {½-½ (24) Anistratov,D (2384)-De Francesco,K (2345) Augsburg 2008}) 16. e4 Nd6 17. Nd2 Nb7 {Threatening ...c5!} 18. Nb3 $1 Nb6 19. Qf4 Nc4 20. Qxc7 Qe8 $36 {[%mdl 2048] [#] Strongly threatening ...Bd6. Black is more active.} 21. Qf4 $1 Nbxa5 22. Nxa5 Nxa5 23. bxa5 Qd8 24. d5 Qxa5 25. Ne2 exd5 26. exd5 Bf6 27. Ra2 Rd7 28. Rd1 Rfd8 {[%cal Ra8d5]} 29. Qb4 Qxb4 30. axb4 Bb7 31. Rad2 g6 32. Rd3 Be5 33. Nc1 Bd6 34. Rd4 Be5 35. R4d3 Bd6 36. Rd4 $1 Rc7 37. Nb3 Bc8 38. Na5 Rc2 39. Re1 Kg7 40. Red1 Re8 41. Bf3 h5 42. h4 f5 43. Nc6 Kh6 44. Kg2 Ra2 45. Rc1 Bd7 46. Rb1 Kh7 47. Rc1 Re3 48. Rcd1 (48. Nd8 $11) 48... Rb3 49. R4d2 Raa3 50. Be2 f4 {White must now prevent ...f3+.} 51. gxf4 Bh3+ (51... Bxf4 $17 52. Rd3 Bd6 53. Rxb3 Rxb3) 52. Kg1 $11 Bxf4 53. Rd4 $2 (53. d6 $1 $11 Bxd2 54. Rxd2) 53... Bd6 $17 54. Re4 Rb2 55. Re8 (55. Bf1 $17) 55... Raa2 $19 56. Re1 Rd2 57. Rd8 $2 {[#]} (57. Bf1 $19 Bxf1 58. Rxf1) 57... Rxe2 0-1

[Event "EIWCC 2017"]
[Site "Riga"]
[Date "2017.04.14"]
[Round "4"]
[White "Zhukova, Natalia"]
[Black "Fataliyeva, Ulviyya"]
[Result "1/2-1/2"]
[WhiteElo "2438"]
[BlackElo "2287"]
[Annotator "TA"]
[PlyCount "35"]
[EventDate "2017.??.??"]
[EventType "swiss"]
[EventCountry "LAT"]
[SourceTitle "playchess.com"]
[Source "ChessBase"]
[SourceQuality "1"]

{[%evp 25,35,0,0,7,19,-4,-1,0,-5,0,0,0]} 1. c4 e6 2. Nc3 Nf6 3. e4 d5 4. e5 d4 5. exf6 dxc3 6. bxc3 Qxf6 7. d4 c5 8. Nf3 cxd4 9. cxd4 Bb4+ {A18: English Opening: Flohr-Mikenas System (1 c4 Nf6 2 Nc3 e6 3 e4)} 10. Bd2 Bxd2+ 11. Qxd2 O-O 12. Bd3 {[%cal Bf1d3,Bd3e4,Be4d5][%mdl 32]} Rd8 13. O-O Nc6 {LiveBook: 7 Games. The position is equal.} 14. Rad1 g6 15. Be4 Nxd4 16. Nxd4 e5 {[%cal Rd8d4]} 17. Bd5 {[#] aiming for Nf3.} exd4 18. Rfe1 $146 (18. Qb2 Be6 19. Qxb7 Bxd5 20. cxd5 Qb6 21. Qxb6 {½-½ (21) Anand,V (2788)-Naiditsch,A (2689) Moscow 2009}) 1/2-1/2

[Event "EIWCC 2017"]
[Site "Riga"]
[Date "2017.04.14"]
[Round "4"]
[White "Atalik, Ekaterina"]
[Black "Brunello, Marina"]
[Result "1-0"]
[WhiteElo "2429"]
[BlackElo "2354"]
[Annotator "TA"]
[PlyCount "47"]
[EventDate "2017.??.??"]
[EventType "swiss"]
[EventCountry "LAT"]
[SourceTitle "playchess.com"]
[Source "ChessBase"]
[SourceQuality "1"]

{[%evp 16,47,27,27,21,10,31,22,41,61,185,163,280,279,295,280,366,357,557,547,525,335,378,373,617,617,593,602,935,919,912,908,900,896]} 1. d4 d5 2. c4 c6 3. Nc3 Nf6 4. Nf3 e6 5. e3 Nbd7 6. Qc2 Bd6 7. Bd3 O-O 8. O-O h6 9. Rd1 Qe7 {D46: Semi-Slav: 5 e3 Nbd7 6 Bd3, Black avoids the Meran} 10. c5 Bc7 11. e4 $1 e5 $146 {The position is equal.} (11... dxe4 12. Nxe4 Nxe4 13. Bxe4 e5 14. Re1 Nf6 15. Bd3 e4 16. Bxe4 Nxe4 17. Qxe4 Qxe4 18. Rxe4 {½-½ (41) Malakhatko,V (2546)-Michiels,B (2484) Metz 2011}) 12. exd5 $1 cxd5 {[#]} ({Black should try} 12... Nxd5 $14 13. Nxd5 cxd5) 13. Re1 $1 $18 Qd8 (13... Re8 $142) 14. dxe5 Ng4 {[%cal Rd7e5]} 15. Bf4 ({Not} 15. Nxd5 Ndxe5 16. Bh7+ (16. Nxc7 Nxd3 17. Nxa8 Nxe1 18. Nxe1 Be6 $16) 16... Kh8 $18) 15... Re8 {[%cal Rg4e5]} 16. Nxd5 {Threatens to win with e6.} Ndxe5 (16... Bxe5 {was called for.} 17. h3 Ngf6 18. Nxf6+ Bxf6) 17. Nxc7 Qxc7 18. Qe2 f6 19. h3 Nxf3+ $2 (19... Qxc5 20. hxg4 Bxg4) 20. Qxf3 {White is clearly winning.} ({Weaker is} 20. gxf3 Ne5 $16) 20... Ne5 21. Qe4 Qxc5 22. Qh7+ Kf8 23. Qh8+ Kf7 {[#]} 24. Bg6+ $1 {[%mdl 512]} 1-0

[Event "EIWCC 2017"]
[Site "Riga"]
[Date "2017.04.14"]
[Round "4"]
[White "Mkrtchian, Lilit"]
[Black "Caglar, Sila"]
[Result "1-0"]
[WhiteElo "2425"]
[BlackElo "2093"]
[Annotator "TA"]
[PlyCount "87"]
[EventDate "2017.??.??"]
[EventType "swiss"]
[EventCountry "LAT"]
[SourceTitle "playchess.com"]
[Source "ChessBase"]
[SourceQuality "1"]

{[%evp 20,87,0,-2,0,-4,26,27,24,24,57,70,73,76,81,76,101,102,115,93,129,127,130,118,125,124,247,233,248,243,238,237,238,239,255,237,251,244,234,246,237,254,248,253,241,235,245,239,325,321,307,300,358,366,364,362,414,408,422,331,411,418,29963,29967,29969,29969,29997,29998,29998,29999]} 1. c4 e5 2. g3 Nf6 3. Bg2 d5 4. cxd5 Nxd5 5. Nc3 Nb6 6. d3 Be7 7. Be3 O-O 8. Rc1 Nc6 {A22: English Opening: 1...e5 2 Nc3 Nf6} (8... Re8 9. Nf3 Nc6 10. O-O Bf8 11. a3 Nd4 12. Ne4 c6 13. Bg5 f6 14. Nxd4 exd4 15. Bd2 Be6 16. Re1 Bd5 17. Qc2 Qd7 18. b4 Rad8 19. Qb2 {0-1 (73) Nepomniachtchi,I (2767)-Karjakin,S (2785) Doha 2016}) 9. Bxc6 bxc6 10. Nf3 Bd6 11. Ne4 {LiveBook: 3 Games} Nd5 12. Rxc6 Nxe3 $146 (12... Bh3 13. Neg5 Bd7 14. Rc1 Rb8 15. Qc2 f5 16. Bc5 {0-1 (23) Duchene,K (2223)-Phillipps,S (2201) Remote email 2014}) 13. fxe3 Bb7 14. Rc1 Bxe4 15. dxe4 Qb8 16. Qc2 Qb4+ 17. Kf2 Kh8 18. Rhd1 Qb7 19. Kg2 Rab8 20. b3 Qc8 21. Nd2 Ba3 22. Rb1 (22. Qxc7 Bxc1 23. Rxc1 Qa6 $17) 22... Rb6 (22... f6 $16 23. Nc4 Be7) 23. Nc4 $18 Rh6 {[#] ( -> ...Qh3+)} 24. Nxa3 {Threatens to win with Rh1.} Qh3+ 25. Kf2 {[%cal Bg2f2,Bf2e1,Be1d2,Bd2c3][%mdl 32]} Qxh2+ 26. Ke1 Qxg3+ 27. Kd2 Rd6+ 28. Kc3 Qxe3+ 29. Kb2 Rd4 30. Nc4 ({Don't take} 30. Qxc7 $6 Qxe2+ 31. Qc2 Qxc2+ 32. Kxc2 Rxe4 $16) 30... Qxe4 31. Qxe4 Rxe4 32. e3 f5 33. Kc3 g5 34. Rd7 Rh4 35. Nxe5 Rh3 36. Kd4 (36. Rxc7 Rxe3+ 37. Kd4 Re4+ 38. Kd5 Rd8+ 39. Nd7 Re7 $16) 36... c5+ 37. Kxc5 Rxe3 38. Nf7+ Kg8 39. Nh6+ Kh8 {and the idea ...g4 leaves Black hopeful.} 40. Rh1 ({Not} 40. Rxa7 g4 41. b4 Re5+ 42. Kc4 Re4+ 43. Kd3 g3 44. Nxf5 Rf4 $18) 40... f4 (40... Re5+ $18 41. Kd6 Re2) 41. Ng4 {White mates.} Rf5+ 42. Kd4 Rg3 43. Rhxh7+ Kg8 44. Nh6+ ({Less strong is} 44. Rxa7 Rxg4 45. Ke4 Ra5 $16) 1-0

[Event "EIWCC 2017"]
[Site "Riga"]
[Date "2017.04.14"]
[Round "4"]
[White "Gaponenko, Inna"]
[Black "Sedina, Elena"]
[Result "1-0"]
[WhiteElo "2416"]
[BlackElo "2253"]
[Annotator "NA"]
[PlyCount "103"]
[EventDate "2017.??.??"]
[EventType "swiss"]
[EventCountry "LAT"]
[SourceTitle "playchess.com"]
[Source "ChessBase"]
[SourceQuality "1"]
[TimeControl "40/5400+30:1800+30"]

1. e4 {[%emt 0:00:00]} e6 {[%emt 0:01:37]} 2. d4 {[%emt 0:00:00]} d5 {[%emt 0:00:04]} 3. Nd2 {[%emt 0:00:00]} c5 {[%emt 0:00:41]} 4. Ngf3 {[%emt 0:00:23]} Nf6 {[%emt 0:02:27]} 5. e5 {[%emt 0:05:07]} Nfd7 {[%emt 0:00:32]} 6. c3 {[%emt 0:00:07]} Nc6 {[%emt 0:00:12]} 7. Bd3 {[%emt 0:00:06]} g6 {[%emt 0:05:43]} 8. h4 {[%emt 0:04:54]} Qb6 {[%emt 0:03:01]} 9. h5 {[%emt 0:02:09]} Rg8 {[%emt 0:02:03]} 10. hxg6 {[%emt 0:51:45]} hxg6 {[%emt 0:00:07]} 11. Qa4 {[%emt 0:00:04]} a6 {[%emt 0:19:03]} 12. a3 {[%emt 0:22:34]} g5 {[%emt 0:29:46]} 13. g4 {[%emt 0:00:04]} cxd4 {[%emt 0:13:37]} 14. cxd4 {[%emt 0:00:01]} Qa7 {[%emt 0:00:47]} 15. Bh7 {[%emt 0:00:07]} Rg7 {[%emt 0:00:28]} 16. Nf1 {[%emt 0:00:09]} Be7 {[%emt 0:04:07]} 17. Be3 {[%emt 0:00:09]} Nf8 {[%emt 0:01:06]} 18. Bd3 {[%emt 0:00:24]} Bd7 {[%emt 0:00:28]} 19. Qd1 {[%emt 0:01:36]} O-O-O {[%emt 0:07:41]} 20. Ng3 {[%emt 0:00:18]} Rg8 {[%emt 0:05:27]} 21. Nh5 {[%emt 0:01:15]} Qb6 {[%emt 0:00:39]} 22. b4 {[%emt 0:00:29]} Ng6 {[%emt 0:00:20]} 23. Nf6 {[%emt 0:03:49]} Bxf6 {[%emt 0:00:24]} 24. exf6 {[%emt 0:00:01]} Nf4 {[%emt 0:00:17]} 25. Rh7 {[%emt 0:02:26]} Rdf8 {[%emt 0:01:31]} 26. Bf1 {[%emt 0:01:20]} Qd8 {[%emt 0:00:36]} 27. Bxf4 {[%emt 0:00:58]} gxf4 {[%emt 0:00:00]} 28. g5 {[%emt 0:00:04]} e5 {[%emt 0:01:07]} 29. Qc1 {[%emt 0:03:27]} Bf5 {[%emt 0:00:28]} 30. Rg7 {[%emt 0:00:37]} Kb8 {[%emt 0:00:29]} 31. dxe5 {[%emt 0:00:13]} Be4 {[%emt 0:00:27]} 32. Qxf4 {[%emt 0:00:14]} Qc7 {[%emt 0:00:12]} 33. Be2 {[%emt 0:00:48]} Rxg7 {[%emt 0:00:27]} 34. fxg7 {[%emt 0:00:04]} Rg8 {[%emt 0:00:01]} 35. Rc1 {[%emt 0:00:56]} Rxg7 {[%emt 0:01:00]} 36. Nd4 {[%emt 0:00:32]} Rh7 {[%emt 0:00:53]} 37. Nxc6+ {[%emt 0:00:33]} bxc6 {[%emt 0:00:01]} 38. Kd2 {[%emt 0:00:15]} Kb7 {[%emt 0:00:39]} 39. f3 {[%emt 0:00:50]} Bg6 {[%emt 0:00:08]} 40. Rc5 {[%emt 0:00:00]} Rh8 {[%emt 0:00:54]} 41. Ra5 {[%emt 0:20:55]} Ra8 {[%emt 0:10:57]} 42. Qf6 {[%emt 0:04:57]} Qd7 {[%emt 0:00:12]} 43. f4 {[%emt 0:02:47]} Qh3 {[%emt 0:11:55]} 44. Qe7+ {[%emt 0:03:09]} Kb6 {[%emt 0:00:05]} 45. Qc5+ {[%emt 0:00:35]} Kb7 {[%emt 0:00:02]} 46. Qe7+ {[%emt 0:01:04]} Kb6 {[%emt 0:03:19]} 47. a4 {[%emt 0:00:06]} Qb3 {[%emt 0:01:59]} 48. Rxa6+ {[%emt 0:00:51]} Rxa6 {[%emt 0:00:12]} 49. a5+ {[%emt 0:00:07]} Rxa5 {[%emt 0:00:22]} 50. bxa5+ {[%emt 0:00:04]} Kxa5 {[%emt 0:00:08]} 51. Qc5+ {[%emt 0:00:16]} Ka4 {[%emt 0:00:06]} 52. Bd1 {[%emt 0:00:42]} 1-0

[Event "EIWCC 2017"]
[Site "Riga"]
[Date "2017.04.14"]
[Round "4"]
[White "Vega Gutierrez, Sabrina"]
[Black "Komiagina, Maria"]
[Result "1-0"]
[WhiteElo "2413"]
[BlackElo "2247"]
[Annotator "NA"]
[PlyCount "59"]
[EventDate "2017.??.??"]
[EventType "swiss"]
[EventCountry "LAT"]
[SourceTitle "playchess.com"]
[Source "ChessBase"]
[SourceQuality "1"]
[TimeControl "40/5400+30:1800+30"]

1. e4 {[%emt 0:00:00]} c5 {[%emt 0:00:05]} 2. Nf3 {[%emt 0:00:00]} e6 {[%emt 0:00:03]} 3. d4 {[%emt 0:00:11]} cxd4 {[%emt 0:00:08]} 4. Nxd4 {[%emt 0:00:07]} Nc6 {[%emt 0:00:06]} 5. Nc3 {[%emt 0:02:03]} Qc7 {[%emt 0:00:07]} 6. f4 {[%emt 0:02:15]} a6 {[%emt 0:01:45]} 7. Be3 {[%emt 0:00:29]} b5 {[%emt 0:00:19]} 8. Bd3 {[%emt 0:03:43]} Bb7 {[%emt 0:00:38]} 9. Qf3 {[%emt 0:01:34]} Nf6 {[%emt 0:00:36]} 10. g4 {[%emt 0:10:59]} b4 {[%emt 0:03:12]} 11. Nce2 {[%emt 0:02:48]} d5 {[%emt 0:00:36]} 12. e5 {[%emt 0:02:11]} Ne4 {[%emt 0:00:10]} 13. Rf1 {[%emt 0:16:40]} Be7 {[%emt 0:01:40]} 14. Ng3 {[%emt 0:04:06]} Rc8 {[%emt 0:16:08]} 15. O-O-O {[%emt 0:15:49]} b3 {[%emt 0:36:51]} 16. Nxb3 {[%emt 0:02:15]} Nb4 {[%emt 0:00:20]} 17. Kb1 {[%emt 0:00:58]} Nxg3 {[%emt 0:05:09]} 18. Qxg3 {[%emt 0:00:57]} O-O {[%emt 0:02:07]} 19. f5 {[%emt 0:05:57]} f6 {[%emt 0:02:49]} 20. exf6 {[%emt 0:06:52]} Qxg3 {[%emt 0:00:11]} 21. hxg3 {[%emt 0:00:04]} Rxf6 {[%emt 0:00:48]} 22. g5 {[%emt 0:02:29]} Rff8 {[%emt 0:03:14]} 23. fxe6 {[%emt 0:00:03]} Nxd3 {[%emt 0:00:07]} 24. cxd3 {[%emt 0:00:13]} a5 {[%emt 0:01:41]} 25. Nxa5 {[%emt 0:03:12]} Ba6 {[%emt 0:00:07]} 26. Rxf8+ {[%emt 0:00:29]} Bxf8 {[%emt 0:00:08]} 27. Nb3 {[%emt 0:01:20]} Re8 {[%emt 0:00:14]} 28. Bc5 {[%emt 0:01:50]} Rxe6 {[%emt 0:01:35]} 29. Bxf8 {[%emt 0:00:08]} Kxf8 {[%emt 0:00:03]} 30. Nc5 {[%emt 0:00:12]} 1-0